| Поле | Название | Значение |
| |
Тип записи |
a |
| |
Библиографический уровень |
m |
| 001 |
Контрольный номер |
RU/URAIT/585207 |
| 005 |
Дата корректировки |
20260429163559.0 |
| 008 |
Кодируемые данные |
260429s2026 RU y f j 000 0 rus u |
| 020 |
Индекс ISBN |
__ |
| a |
ISBN |
978-5-534-17667-4 |
| c |
Цена, тираж |
1879.00 |
| 040 |
Источник каталогиз. |
__ |
| a |
Служба первич. каталог. |
ИКО Юрайт |
| c |
Служба, преобразующая запись |
ИКО Юрайт |
| e |
Правила каталог. |
RCR |
| 041 |
Код языка издания |
__ |
| a |
Код языка текста |
rus |
| 044 |
Код страны публикации |
__ |
| a |
Код страны публикации |
RU |
| 080 |
Индекс УДК |
__ |
| a |
Индекс УДК |
621.31(075.32) |
| 084 |
Индекс другой классификации/Индекс ББК |
__ |
| 2 |
Источник индекса |
rubbk |
| a |
Индекс другой классификации/Индекс ББК |
31.2я723 |
| 100 |
Автор |
__ |
| a |
Автор |
Шичков Л. П. |
| q |
Полное имя |
Шичков Леонид Петрович |
| 245 |
Заглавие |
__ |
| a |
Заглавие |
Электрический привод |
| b |
Продолж. заглавия |
учебник и практикум для спо |
| c |
Ответственность |
Л. П. Шичков. |
| 250 |
Сведения об издании |
__ |
| g |
|
пер. и доп |
| a |
Основные сведения об издании |
3-е изд. |
| 256 |
Характеристики компьютерного файла |
__ |
| a |
Характеристики компьютерного файла |
Электрон. дан. |
| 260 |
Выходные данные |
__ |
| a |
Место издания |
Москва |
| b |
Издательство |
Юрайт |
| c |
Дата издания |
2026 |
| 300 |
Физическое описание |
__ |
| a |
Объем |
355 с |
| 440 |
Серия |
__ |
| a |
Серия |
Профессиональное образование |
| 500 |
Примечания |
__ |
| a |
Примечание |
URL: https://urait.ru/bcode/585207 (дата обращения: 29.04.2026). |
| 520 |
Аннотация |
__ |
| a |
Аннотация |
В учебнике даны основные сведения о современном электроприводе, электромеханических свойствах электродвигателей в составе электропривода, способах и средствах управления и регулирования координат и оценке переходных процессов электроприводов. Рассмотрены нагрев и расчет мощности двигателя в системе электропривода. Изложен материал по автоматизации, оценке эффективности работы и методике выбора электропривода. Описаны и рассмотрены особенности электропривода, используемого в сельском хозяйстве. Соответствует актуальным требованиям федерального государственного образовательного стандарта высшего образования. Для студентов высших учебных заведений, обучающихся по инженерно-техническим и аграрным направлениям. |
| 538 |
Прим. о системных особенностях |
__ |
| a |
Прим. о системных особенностях |
Режим доступа: Электронно-библиотечная система Юрайт, для авториз. пользователей |
| 653 |
Ключевые слова |
__ |
| a |
Ключевые слова |
Энергетика |
| 653 |
Ключевые слова |
__ |
| a |
Ключевые слова |
Технические науки |
| 653 |
Ключевые слова |
__ |
| a |
Ключевые слова |
Электротехника |
| 653 |
Ключевые слова |
__ |
| a |
Ключевые слова |
Общая электротехника и электроника |
| 653 |
Ключевые слова |
__ |
| a |
Ключевые слова |
Теоретическая электротехника |
| 653 |
Ключевые слова |
__ |
| a |
Ключевые слова |
Электрические машины |
| 653 |
Ключевые слова |
__ |
| a |
Ключевые слова |
Электрические машины и электропривод |
| 653 |
Ключевые слова |
__ |
| a |
Ключевые слова |
Электропривод |
| 653 |
Ключевые слова |
__ |
| a |
Ключевые слова |
Электротехника и электроника |
| 653 |
Ключевые слова |
__ |
| a |
Ключевые слова |
Основы электротехники и электроники |
| 653 |
Ключевые слова |
__ |
| a |
Ключевые слова |
Теоретические основы электротехники |
| 653 |
Ключевые слова |
__ |
| a |
Ключевые слова |
Основы электротехники |
| 653 |
Ключевые слова |
__ |
| a |
Ключевые слова |
Теоретические основы электротехники и электроники |
| 653 |
Ключевые слова |
__ |
| a |
Ключевые слова |
Электротехника и электронная техника |
| 653 |
Ключевые слова |
__ |
| a |
Ключевые слова |
Монтаж, наладка и эксплуатация электрооборудования сельскохозяйственных организаций |
| 653 |
Ключевые слова |
__ |
| a |
Ключевые слова |
Электроника и электротехника |
| 653 |
Ключевые слова |
__ |
| a |
Ключевые слова |
Электротехника и основы электронной техники |
| 653 |
Ключевые слова |
__ |
| a |
Ключевые слова |
Электротехника и основы электроники |
| 653 |
Ключевые слова |
__ |
| a |
Ключевые слова |
Электрические машины и электроприводы |
| 653 |
Ключевые слова |
__ |
| a |
Ключевые слова |
Выполнение сервисного обслуживания бытовых машин и приборов |
| 653 |
Ключевые слова |
__ |
| a |
Ключевые слова |
Монтаж распределительных устройств и вторичных цепей |
| 653 |
Ключевые слова |
__ |
| a |
Ключевые слова |
Организация простых работ по техническому обслуживанию и ремонту электрического и электромеханического оборудования |
| 653 |
Ключевые слова |
__ |
| a |
Ключевые слова |
Электрические машины (Общий курс) |
| 653 |
Ключевые слова |
__ |
| a |
Ключевые слова |
Общая электротехника |
| 653 |
Ключевые слова |
__ |
| a |
Ключевые слова |
Теоретические основы электротехники и электроника |
| 653 |
Ключевые слова |
__ |
| a |
Ключевые слова |
Основы электропривода |
| 653 |
Ключевые слова |
__ |
| a |
Ключевые слова |
Электрические приводы машиностроительного оборудования |
| 653 |
Ключевые слова |
__ |
| a |
Ключевые слова |
Теоретические основы общей электротехники |
| 653 |
Ключевые слова |
__ |
| a |
Ключевые слова |
Основы электроники и электротехники |
| 653 |
Ключевые слова |
__ |
| a |
Ключевые слова |
Теоретическая электротехника и электроника |
| 653 |
Ключевые слова |
__ |
| a |
Ключевые слова |
Электротехника и электроника. Раздел Электротехника |
| 653 |
Ключевые слова |
__ |
| a |
Ключевые слова |
Электротехника, электроника |
| 653 |
Ключевые слова |
__ |
| a |
Ключевые слова |
Монтаж, наладка и эксплуатация электрооборудования (в том числе электроосвещения), автоматизация и роботизация сельскохозяйственных предприятий |
| 653 |
Ключевые слова |
__ |
| a |
Ключевые слова |
Обеспечение безопасной эксплуатации, техническое обслуживание и ремонт железнодорожного подвижного состава (по видам подвижного состава железных дорог) (вагоны) |
| 653 |
Ключевые слова |
__ |
| a |
Ключевые слова |
Обеспечение безопасной эксплуатации, техническое обслуживание и ремонт железнодорожного подвижного состава (по видам подвижного состава железных дорог) (тепловозы и дизель-поезда) |
| 653 |
Ключевые слова |
__ |
| a |
Ключевые слова |
Обеспечение безопасной эксплуатации, техническое обслуживание и ремонт железнодорожного подвижного состава (по видам подвижного состава железных дорог) (электроподвижной состав) |
| 653 |
Ключевые слова |
__ |
| a |
Ключевые слова |
Организация технологической деятельности (по видам подвижного состава железных дорог) (тепловозы и дизель поезда) |
| 653 |
Ключевые слова |
__ |
| a |
Ключевые слова |
Организация технологической деятельности (по видам подвижного состава железных дорог) (электроподвижной состав) |
| 653 |
Ключевые слова |
__ |
| a |
Ключевые слова |
Техническое обслуживание, диагностирование неисправностей и ремонт электрооборудования, автоматизированных и роботизированных систем на сельскохозяйственном предприятии |
| 653 |
Ключевые слова |
__ |
| a |
Ключевые слова |
Монтаж, обслуживание, ремонт и наладка производственных сельскохозяйственных электроустановок, осветительных приборов, электроаппаратов и электрических машин |
| 856 |
Электронный адрес документа |
40 |
| n |
Местонахождение сервера |
Юрайт |
| g |
|
Электронная книга |
| q |
Тип электронного формата |
html |
| h |
Имя пользователя |
ЮРАЙТ |
| v |
Часы доступа к ресурсу |
20271231 |
| 2 |
Способ доступа |
Показать документ |
| x |
Служебное примечание |
https://urait.ru/book/cover/06891CB1-AB9E-4244-A2A1-17BA31AD2496 |
| u |
URL |
https://urait.ru/bcode/585207 |
| 856 |
Электронный адрес документа |
48 |
| q |
Тип электронного формата |
cover |
| u |
URL |
https://urait.ru/book/cover/06891CB1-AB9E-4244-A2A1-17BA31AD2496 |
| 911 |
|
__ |
| u |
|
0030=https://urait.ru/bcode/585207 |
| 911 |
|
__ |
| u |
|
073a=9785534176674 |
| u |
|
073d=1879.00 |
| 911 |
|
__ |
| u |
|
106a=s |
| 911 |
|
__ |
| u |
|
900l= |
| 952 |
Тип литературы |
__ |
| i |
Дисциплина |
Электротехника |
| 952 |
Тип литературы |
__ |
| i |
Дисциплина |
Общая электротехника и электроника |
| 952 |
Тип литературы |
__ |
| i |
Дисциплина |
Теоретическая электротехника |
| 952 |
Тип литературы |
__ |
| i |
Дисциплина |
Электрические машины |
| 952 |
Тип литературы |
__ |
| i |
Дисциплина |
Электрические машины и электропривод |
| 952 |
Тип литературы |
__ |
| i |
Дисциплина |
Электропривод |
| 952 |
Тип литературы |
__ |
| i |
Дисциплина |
Электротехника и электроника |
| 952 |
Тип литературы |
__ |
| i |
Дисциплина |
Основы электротехники и электроники |
| 952 |
Тип литературы |
__ |
| i |
Дисциплина |
Теоретические основы электротехники |
| 952 |
Тип литературы |
__ |
| i |
Дисциплина |
Основы электротехники |
| 952 |
Тип литературы |
__ |
| i |
Дисциплина |
Теоретические основы электротехники и электроники |
| 952 |
Тип литературы |
__ |
| i |
Дисциплина |
Электротехника и электронная техника |
| 952 |
Тип литературы |
__ |
| i |
Дисциплина |
Монтаж, наладка и эксплуатация электрооборудования сельскохозяйственных организаций |
| 952 |
Тип литературы |
__ |
| i |
Дисциплина |
Электроника и электротехника |
| 952 |
Тип литературы |
__ |
| i |
Дисциплина |
Электротехника и основы электронной техники |
| 952 |
Тип литературы |
__ |
| i |
Дисциплина |
Электротехника и основы электроники |
| 952 |
Тип литературы |
__ |
| i |
Дисциплина |
Электрические машины и электроприводы |
| 952 |
Тип литературы |
__ |
| i |
Дисциплина |
Выполнение сервисного обслуживания бытовых машин и приборов |
| 952 |
Тип литературы |
__ |
| i |
Дисциплина |
Монтаж распределительных устройств и вторичных цепей |
| 952 |
Тип литературы |
__ |
| i |
Дисциплина |
Организация простых работ по техническому обслуживанию и ремонту электрического и электромеханического оборудования |
| 952 |
Тип литературы |
__ |
| i |
Дисциплина |
Электрические машины (Общий курс) |
| 952 |
Тип литературы |
__ |
| i |
Дисциплина |
Общая электротехника |
| 952 |
Тип литературы |
__ |
| i |
Дисциплина |
Теоретические основы электротехники и электроника |
| 952 |
Тип литературы |
__ |
| i |
Дисциплина |
Основы электропривода |
| 952 |
Тип литературы |
__ |
| i |
Дисциплина |
Электрические приводы машиностроительного оборудования |
| 952 |
Тип литературы |
__ |
| i |
Дисциплина |
Теоретические основы общей электротехники |
| 952 |
Тип литературы |
__ |
| i |
Дисциплина |
Основы электроники и электротехники |
| 952 |
Тип литературы |
__ |
| i |
Дисциплина |
Теоретическая электротехника и электроника |
| 952 |
Тип литературы |
__ |
| i |
Дисциплина |
Электротехника и электроника. Раздел Электротехника |
| 952 |
Тип литературы |
__ |
| i |
Дисциплина |
Электротехника, электроника |
| 952 |
Тип литературы |
__ |
| i |
Дисциплина |
Монтаж, наладка и эксплуатация электрооборудования (в том числе электроосвещения), автоматизация и роботизация сельскохозяйственных предприятий |
| 952 |
Тип литературы |
__ |
| i |
Дисциплина |
Обеспечение безопасной эксплуатации, техническое обслуживание и ремонт железнодорожного подвижного состава (по видам подвижного состава железных дорог) (вагоны) |
| 952 |
Тип литературы |
__ |
| i |
Дисциплина |
Обеспечение безопасной эксплуатации, техническое обслуживание и ремонт железнодорожного подвижного состава (по видам подвижного состава железных дорог) (тепловозы и дизель-поезда) |
| 952 |
Тип литературы |
__ |
| i |
Дисциплина |
Обеспечение безопасной эксплуатации, техническое обслуживание и ремонт железнодорожного подвижного состава (по видам подвижного состава железных дорог) (электроподвижной состав) |
| 952 |
Тип литературы |
__ |
| i |
Дисциплина |
Организация технологической деятельности (по видам подвижного состава железных дорог) (тепловозы и дизель поезда) |
| 952 |
Тип литературы |
__ |
| i |
Дисциплина |
Организация технологической деятельности (по видам подвижного состава железных дорог) (электроподвижной состав) |
| 952 |
Тип литературы |
__ |
| i |
Дисциплина |
Техническое обслуживание, диагностирование неисправностей и ремонт электрооборудования, автоматизированных и роботизированных систем на сельскохозяйственном предприятии |
| 952 |
Тип литературы |
__ |
| i |
Дисциплина |
Монтаж, обслуживание, ремонт и наладка производственных сельскохозяйственных электроустановок, осветительных приборов, электроаппаратов и электрических машин |